00748cas a2200205u| 450000100060000000300080000600500170001400800400003103500190007104000330009004100080012308200210013124501170015226001280026930000210039750000120041865000420043070000140047271000560048610650BD-RjUL20211208235006.0140125s19531942pk | | || ||eng| a(BD-RjUL)10698 aDLCcCarPdDLCdBD-RjULbeng aeng a348.5491046bFED14aThe Federal court reports :bcontaining cases determined by the Federal court of Pakistan /cM. Anwar.nVol. III aDelhi :bPublished, under the authority of the Federal court of India, by the Manager of publications, civil lines,c[1953] a(4) v. ;c24 cm. aSerial. 0aLaw reports, digests, etc.zPakistan.1 aAnwar, M.1 aGreat Britain.bPrivy Council.bJudicial Committee.